[Event "POLFINAL MISTRZOSTW POLSKI JUNIOROW 2019 - C11"]
[Site "Ustron"]
[Date "1899-12-30"]
[Round "1.1"]
[White "Brozynski, Patryk"]
[Black "Trusewicz, Jakub"]
[Result "1-0"]
[WhiteTitle "IV"]
[BlackTitle "II"]
[WhiteElo "1665"]
[BlackElo "1172"]

1. e4 c5 2. Nf3 g6 3. d4 cxd4 4. Nxd4 Nc6 5. Nc3 Bg7 6. Be3 Nf6 7. f3 O-O 8. Qd2
d5 9. O-O-O a6 10. exd5 Nxd5 11. Nxc6 bxc6 12. Bd4 e5 13. Bc5 Re8 14. Bc4 Be6
15. Nxd5 cxd5 16. Bxd5 Bxd5 17. Qxd5 Qa5 18. Ba3 Qa4 19. Qd7 Qa5 20. Qd2 Qxd2+
21. Kxd2 Bh6+ 22. Ke2 e4 23. Rhe1 Rac8 24. c3 exf3+ 25. Kxf3 Rf8 26. Bxf8 1-0

[Event "POLFINAL MISTRZOSTW POLSKI JUNIOROW 2019 - C11"]
[Site "Ustron"]
[Date "1899-12-30"]
[Round "1.2"]
[White "Makuch, Tomasz"]
[Black "Duda, Szymon"]
[Result "0-1"]
[WhiteTitle "II+"]
[BlackTitle "II+"]
[WhiteElo "1167"]
[BlackElo "1469"]

1. e4 e5 2. Nf3 Nc6 3. d4 exd4 4. Nxd4 Bc5 5. Nxc6 bxc6 6. Bc4 Ne7 7. Bxf7+ Kxf7
8. Qh5+ g6 9. Qxc5 d6 10. Qc3 Ba6 11. Bg5 Rf8 12. Bxe7 Qxe7 13. Qxc6 Qe5 14. Qxa6
Qxb2 15. Qc4+ Ke8 16. Qc6+ Kf7 17. Qxc7+ Kg8 18. O-O Qxa1 19. Qxd6 Qxa2 20. Qd5+
Qxd5 21. exd5 Rac8 22. Rc1 Rc5 23. c4 Rfc8 24. Nd2 Rxd5 25. Nb3 Rd7 26. c5 Kf7
27. c6 Rd6 28. Na5 Rcd8 29. Re1 Rd1 30. Kf1 Rxe1+ 31. Kxe1 Rc8 32. Kd2 Ke7 33.
Kc3 Kd6 34. Kb4 Rxc6 35. Nxc6 Kxc6 36. Ka5 Kd5 37. Ka6 Ke4 38. Kxa7 Kd3 39. Kb6
Ke2 40. f4 h5 41. Kc6 Kf2 42. Kd6 Kxg2 43. h4 Kg3 44. Ke5 Kg4 45. Kf6 Kxf4 0-1

[Event "POLFINAL MISTRZOSTW POLSKI JUNIOROW 2019 - C11"]
[Site "Ustron"]
[Date "1899-12-30"]
[Round "1.3"]
[White "Jozwik, Michal"]
[Black "Karwot, Marek"]
[Result "1-0"]
[WhiteTitle "II"]
[BlackTitle "II"]
[WhiteElo "1404"]
[BlackElo "1166"]

1. e4 c5 2. c3 g6 3. d4 cxd4 4. cxd4 d5 5. exd5 Nf6 6. Bb5+ Nbd7 7. d6 exd6 8.
Nc3 d5 9. Qe2+ Qe7 10. Bf4 a6 11. Bd3 b5 12. Rc1 Bb7 13. Nf3 Ne4 14. O-O Bg7 15.
Rfe1 f5 16. Ne5 O-O 17. f3 Nxc3 18. Rxc3 Rac8 19. Rec1 Nb6 20. b3 Rfe8 21. Qf2
Rxc3 22. Rxc3 Rc8 23. Rxc8+ Nxc8 24. Qc2 Nd6 25. Qc5 g5 26. Bxg5 Qxg5 27. Qxd6
Qe3+ 28. Kf1 Bxe5 29. Qe6+ Kf8 30. Qxf5+ Kg8 31. Qxh7+ Kf8 32. Qf5+ Kg8 33. dxe5
Qc1+ 34. Kf2 Qd2+ 35. Kg3 Qe1+ 36. Kh3 Qc1 37. Qg6+ Kf8 38. Qd6+ Kg8 39. Qd8+
Kf7 40. Qd7+ Kf8 41. Qd6+ Kg8 42. Qg6+ Kf8 43. e6 Qc7 44. Qf6+ Kg8 45. Qf7+ Kh8
46. Qxc7 Bc8 47. Qh7# 1-0

[Event "POLFINAL MISTRZOSTW POLSKI JUNIOROW 2019 - C11"]
[Site "Ustron"]
[Date "1899-12-30"]
[Round "1.4"]
[White "Rudas, Borys"]
[Black "Uhryn, Mateusz"]
[Result "1/2-1/2"]
[WhiteTitle "II"]
[BlackTitle "II+"]
[WhiteElo "1150"]
[BlackElo "1362"]

1. c4 c6 2. Nc3 Nf6 3. g3 g6 4. Bg2 Bg7 5. d3 O-O 6. e4 e5 7. Nge2 d6 8. O-O Be6
9. h3 Qd7 10. Kh2 d5 11. cxd5 cxd5 12. f4 exf4 13. Nxf4 dxe4 14. dxe4 Qxd1 15.
Rxd1 Nc6 16. Ncd5 Rad8 17. Be3 Rfe8 18. Nxe6 Rxe6 19. Nxf6+ Bxf6 20. Rxd8+ Bxd8
21. Rd1 Bf6 22. b3 Nb4 23. Bxa7 Nxa2 24. Bd4 Rd6 25. Ra1 Rxd4 26. Rxa2 Rb4 27.
Ra8+ Kg7 28. Re8 Bb2 29. e5 Rxb3 30. Re7 Rb6 31. Rxb7 Rxb7 32. Bxb7 Bxe5 33. Kg2
f5 34. Kf3 Kf6 35. h4 h6 36. Bc6 g5 37. hxg5+ hxg5 38. g4 fxg4+ 39. Kxg4 Bf4 1/2-1/2

[Event "POLFINAL MISTRZOSTW POLSKI JUNIOROW 2019 - C11"]
[Site "Ustron"]
[Date "1899-12-30"]
[Round "1.5"]
[White "Grzebieniowski, Michal"]
[Black "Wawrukiewicz, Szymon"]
[Result "1/2-1/2"]
[WhiteTitle "II"]
[BlackTitle "II"]
[WhiteElo "1332"]
[BlackElo "1143"]

1. d4 d5 2. c4 e6 3. Nf3 Nf6 4. g3 c6 5. Bg2 Be7 6. O-O O-O 7. Nbd2 Nbd7 8. Qc2
Nb6 9. b3 h6 10. e4 dxe4 11. Nxe4 Nxe4 12. Qxe4 Bf6 13. Bb2 Qc7 14. Rac1 Rd8 15.
Rfd1 Nd7 16. Ne5 Qa5 17. a3 Qc7 18. Kh1 Rb8 19. f4 Ra8 20. d5 Nxe5 21. fxe5 Bg5
22. Rc2 exd5 23. cxd5 Be6 24. Qf3 Qd7 25. Qf2 cxd5 26. Bd4 b6 27. h4 Be7 28. b4
Rdc8 29. Rcd2 Rc7 30. Ba1 Qa4 31. Bb2 Rac8 32. Bxd5 Bxd5+ 33. Rxd5 Rc2 34. R5d2
Qb3 35. Bd4 Rxd2 36. Rxd2 Qxa3 37. b5 Bc5 38. Bxc5 Qxc5 39. Qe2 Re8 40. Rd7 Qxe5
41. Qxe5 Rxe5 42. Rxa7 Rxb5 43. Kg2 f6 44. Kf2 Rb3 45. Rb7 b5 46. Kg2 b4 47. Kf2
Rb1 48. Kg2 b3 49. Kh2 b2 50. Kg2 Kh7 51. Kh2 Kg6 52. Rb5 h5 53. Kg2 Kh6 54. Rb6
g6 55. Rb5 f5 56. Rb6 Kg7 57. Kh2 Kf7 58. Kg2 Ke7 59. Kh2 Kd7 60. Kg2 Kc7 61.
Rb3 Kc6 62. Kh2 Kc5 63. Kg2 Kc4 64. Rb8 Kc3 65. Rc8+ Kd3 66. Rd8+ Ke3 67. Re8+
Kd4 68. Rd8+ Kc5 69. Rc8+ Kb6 70. Rb8+ Kc7 71. Rb3 Kd6 72. Rb8 Ke6 73. Re8+ Kf7
74. Rb8 g5 75. Rb7+ 1/2-1/2

[Event "POLFINAL MISTRZOSTW POLSKI JUNIOROW 2019 - C11"]
[Site "Ustron"]
[Date "1899-12-30"]
[Round "1.6"]
[White "Sawicki, Dorian"]
[Black "Nocek, Dominik"]
[Result "0-1"]
[WhiteTitle "II"]
[BlackTitle "II"]
[WhiteElo "1142"]
[BlackElo "1317"]

1. c4 Nf6 2. Nc3 e5 3. g3 c6 4. Bg2 d5 5. cxd5 cxd5 6. d4 e4 7. Bg5 Be6 8. Qb3
Nbd7 9. Rb1 Rb8 10. Bf4 Ra8 11. Nb5 Qa5+ 12. Nc3 Bb4 13. Bd2 O-O 14. a3 Bxc3 15.
Bxc3 Qc7 16. e3 a6 17. Ne2 b5 18. Nf4 Rfe8 19. Nxe6 Rxe6 20. O-O Rc6 21. Bh3 Nb6
22. Ba5 Qb7 23. Bxb6 Qxb6 24. Rfc1 Ra7 25. Qd1 Rac7 26. Qd2 g5 27. Qd1 h5 28.
Rxc6 Qxc6 29. g4 Qd7 30. Rc1 Rc8 31. Rxc8+ Qxc8 32. Kf1 hxg4 33. Bg2 Nh7 34. Qd2
Nf8 35. Qc3 Qxc3 36. bxc3 f5 37. h3 gxh3 38. Bxh3 g4 39. Bg2 Nd7 40. Ke1 Nb6 41.
Bf1 Na4 42. Kd2 Kg7 43. Be2 Kg6 44. Bd1 Nb6 45. Bb3 Nc4+ 46. Bxc4 bxc4 47. Ke2
Kg5 48. Kf1 f4 49. Kg2 fxe3 50. fxe3 Kh4 51. a4 a5 52. Kh2 g3+ 53. Kh1 Kh3 54.
Kg1 g2 55. Kf2 Kh2 56. Ke2 g1=Q 57. Kd2 Qf2+ 58. Kd1 Kg3 59. Kc1 Qa2 60. Kd1 Kf3
61. Kc1 Kxe3 0-1

[Event "POLFINAL MISTRZOSTW POLSKI JUNIOROW 2019 - C11"]
[Site "Ustron"]
[Date "1899-12-30"]
[Round "1.7"]
[White "Stachowiak, Bruno"]
[Black "Iracki, Piotr"]
[Result "1-0"]
[WhiteTitle "II"]
[BlackTitle "III"]
[WhiteElo "1295"]
[BlackElo "1136"]

1. e4 c6 2. d4 d5 3. Nc3 dxe4 4. Nxe4 Bf5 5. Ng3 Bg6 6. h4 h6 7. h5 Bh7 8. Nf3
Nf6 9. Bd3 e6 10. Be3 Bd6 11. Qd2 Bxd3 12. Qxd3 Bxg3 13. fxg3 Nd5 14. Bd2 Nd7
15. O-O-O Qc7 16. Rh3 Rd8 17. Kb1 c5 18. c4 N5b6 19. Bf4 Qc6 20. dxc5 Qxc5 21.
b3 O-O 22. Bd6 Qf2 23. Bxf8 Qxg2 24. Rh2 Qxg3 25. Bxg7 Kxg7 26. Rg1 Qxg1+ 27.
Nxg1 Rg8 28. Rg2+ Kf8 29. Qd6+ 1-0

[Event "POLFINAL MISTRZOSTW POLSKI JUNIOROW 2019 - C11"]
[Site "Ustron"]
[Date "1899-12-30"]
[Round "1.8"]
[White "Stepinski, Piotr"]
[Black "Olszewski, Antoni"]
[Result "0-1"]
[WhiteTitle "II"]
[BlackTitle "II"]
[WhiteElo "1135"]
[BlackElo "1292"]

1. d4 d5 2. c4 dxc4 3. Nc3 a6 4. a4 Nc6 5. Nf3 Nf6 6. e4 Bg4 7. d5 Ne5 8. Be2 Bxf3
9. Bxf3 Nd3+ 10. Kf1 e6 11. dxe6 fxe6 12. Qe2 e5 13. Bg5 c6 14. Bh5+ g6 15. Bg4
Qd6 16. Rd1 Nxg4 17. Qxg4 Be7 18. Be3 O-O 19. h4 Qf6 20. Rd2 h5 21. Qd7 Rad8 22.
Qh3 Nf4 23. Qg3 Rxd2 24. Bxd2 Nd3 25. Be3 Bc5 26. Bxc5 Nxc5 27. Qe3 Nd3 28. Nd1
Qd6 29. g4 Nf4 30. Qc1 Qd3+ 0-1

[Event "POLFINAL MISTRZOSTW POLSKI JUNIOROW 2019 - C11"]
[Site "Ustron"]
[Date "1899-12-30"]
[Round "1.9"]
[White "Przybylski, Jan"]
[Black "Kowalczyk, Jakub"]
[Result "1-0"]
[WhiteTitle "II"]
[BlackTitle "II"]
[WhiteElo "1286"]
[BlackElo "1132"]

1. e4 c5 2. Nf3 e6 3. d4 cxd4 4. Nxd4 a6 5. c4 Nc6 6. a3 Bc5 7. Nb3 Ba7 8. Be2
Qc7 9. Nc3 h6 10. c5 Nf6 11. f4 O-O 12. e5 Ne8 13. Be3 b6 14. Na4 bxc5 15. Bxc5
Bxc5 16. Naxc5 Na5 17. Nxa5 Qxa5+ 18. b4 Qc7 19. Rc1 Qd8 20. Bf3 Ra7 21. Qd4 Rc7
22. O-O d6 23. Rfd1 d5 24. Be2 Rc6 25. a4 f6 26. b5 axb5 27. Bxb5 fxe5 28. fxe5
Rb6 29. Rb1 Nc7 30. Bd3 Rxb1 31. Rxb1 Bd7 32. a5 Bc6 33. a6 Qg5 34. a7 Qf4 35.
Qxf4 Rxf4 36. Rb6 Ba8 37. Nxe6 Nxe6 38. Rxe6 Kf7 39. Rb6 Ra4 40. Ba6 d4 41. Kf2
Ra2+ 42. Ke1 Ke7 43. Rb8 Rxa6 44. Rxa8 Kf7 45. Kd2 Kg6 46. e6 Ra4 47. e7 Ra2+
48. Kd3 Ra3+ 49. Kxd4 Ra4+ 50. Kc5 Ra5+ 51. Kd6 Ra6+ 52. Kd7 1-0

[Event "POLFINAL MISTRZOSTW POLSKI JUNIOROW 2019 - C11"]
[Site "Ustron"]
[Date "1899-12-30"]
[Round "1.10"]
[White "Janicki, Tomasz"]
[Black "Skowron, Dawid"]
[Result "0-1"]
[WhiteTitle "II"]
[BlackTitle "II"]
[WhiteElo "1129"]
[BlackElo "1278"]

1. d4 Nf6 2. c4 e6 3. Nc3 Bb4 4. Qc2 b6 5. a3 Bxc3+ 6. Qxc3 h6 7. f3 d6 8. e4 O-O
9. Be3 Re8 10. Bd3 e5 11. d5 a5 12. Ne2 Nbd7 13. O-O Nf8 14. b4 Ng6 15. c5 axb4
16. axb4 Rxa1 17. Rxa1 bxc5 18. bxc5 Qe7 19. cxd6 cxd6 20. Ra7 Bd7 21. Bb5 Qd8
22. Bxd7 Nxd7 23. Qc6 Nb8 24. Qb5 Nf8 25. Ra8 Nfd7 26. Ba7 Qc7 27. Bxb8 Rxb8 28.
Rxb8+ Nxb8 29. Qb4 Na6 30. Qb5 Nc5 31. Nc3 Qa7 32. Qe8+ Kh7 33. Nb5 Qa2 34. Nxd6
Nd3 35. h3 Nf4 36. Kf1 Qxg2+ 0-1

[Event "POLFINAL MISTRZOSTW POLSKI JUNIOROW 2019 - C11"]
[Site "Ustron"]
[Date "1899-12-30"]
[Round "1.11"]
[White "Wilgosz, Szczepan"]
[Black "Marekwica, Dawid"]
[Result "1/2-1/2"]
[WhiteTitle "II"]
[BlackTitle "III"]
[WhiteElo "1268"]
[BlackElo "1129"]

1. e4 e5 2. Nf3 Nc6 3. Bc4 Nf6 4. d3 Bc5 5. Nc3 d6 6. Bg5 Bb4 7. O-O Bg4 8. Nd5
Bc5 9. c3 Rg8 10. b4 Bb6 11. Qb3 Bh5 12. g4 Bg6 13. Nh4 Rf8 14. a4 a5 15. b5 Nb8
16. Nxf6+ gxf6 17. Bh6 Qd7 18. Bxf8 Qxg4+ 19. Ng2 Kxf8 20. Qd1 Qg5 21. Qf3 Bh5
22. Qf5 Qh6 23. Kh1 Ke7 24. Bd5 c6 25. bxc6 bxc6 26. Bc4 Nd7 27. Rab1 Rg8 28.
Qh3 Qg6 29. Rb2 Bg4 30. Qg3 Qh5 31. f3 f5 32. fxg4 Rxg4 33. Qf3 Qg5 34. exf5 d5
35. f6+ Ke6 36. Ba6 Bc7 37. Bc8 Qh5 38. Bxd7+ Kxd7 39. Qf5+ Qxf5 40. Rxf5 Rxa4
41. Ne3 Ke6 42. Rb7 Bd6 43. Rh5 Bc5 44. Nf1 Rg4 45. Ng3 Ra4 46. Rxh7 Ra1+ 47.
Kg2 a4 48. Rhxf7 a3 49. Rb8 Kxf7 50. Ra8 a2 51. Nf1 Kxf6 52. Ra5 d4 53. c4 Bb4
54. Ra4 c5 55. Ng3 Kg5 56. Kf3 Be1 57. Ne4+ Kf5 58. Nxc5 Bb4 59. Nb3 Rb1 60. Nxd4+
exd4 61. Rxa2 Rd1 62. Ke2 Rh1 63. Ra4 Rxh2+ 64. Kf3 Bc3 65. Ra8 Rh3+ 66. Ke2 Re3+
67. Kf2 Rxd3 68. Rf8+ Ke6 69. Re8+ Kd6 70. Rd8+ Kc5 71. Rc8+ Kb4 72. c5 Kb5 73.
c6 Kb6 74. Ke2 Re3+ 75. Kf2 Re6 76. c7 Kb7 77. Rh8 Kxc7 78. Rh7+ Kd6 79. Rh8 Kc5
80. Rc8+ Rc6 81. Rh8 Kc4 82. Rh4 Kb3 83. Rh8 Kc2 84. Rh2 d3 85. Ke3+ Bd2+ 86.
Rxd2+ Kb3 87. Rxd3+ Kc2 88. Rd2+ Kc1 89. Rd4 1/2-1/2

[Event "POLFINAL MISTRZOSTW POLSKI JUNIOROW 2019 - C11"]
[Site "Ustron"]
[Date "1899-12-30"]
[Round "1.12"]
[White "Mieszkowski, Adam"]
[Black "Jaszczuk, Piotr"]
[Result "0-1"]
[WhiteTitle "II"]
[BlackTitle "II"]
[WhiteElo "1126"]
[BlackElo "1267"]

1. e4 c5 2. Nf3 e6 3. c3 d5 4. exd5 exd5 5. d4 Nf6 6. Bd3 Nc6 7. O-O Be7 8. Bf4
O-O 9. b3 Bg4 10. dxc5 Bxc5 11. Nbd2 d4 12. Qc2 dxc3 13. Qxc3 Bb4 14. Qc2 Bxd2
15. Qxd2 Bxf3 16. gxf3 Nd4 17. Kg2 Qd5 18. Be2 Rad8 19. Rad1 Qf5 20. Bd3 Qd5 21.
Be2 Nh5 22. Be3 Nxe2 23. Qxe2 Qe6 24. Rde1 Rfe8 25. Qc2 Qg6+ 26. Qxg6 fxg6 27.
Bg5 Rxe1 28. Rxe1 Rd7 29. Re7 Rxe7 30. Bxe7 Nf4+ 31. Kf1 Nd3 32. Bd6 Kf7 33. Ke2
Ke6 34. Kxd3 Kxd6 35. f4 Kd5 36. b4 b5 37. h3 h6 38. h4 h5 39. f3 Kc6 40. Ke4
Kd6 41. Kd4 a6 42. a3 Ke6 43. Kc5 Kf5 44. Kb6 Kxf4 45. Kxa6 g5 46. Kxb5 gxh4 47.
a4 h3 48. a5 h2 49. a6 h1=Q 50. a7 Qxf3 51. Ka6 Qc6+ 52. Ka5 Qb7 53. b5 Qxa7+
54. Kb4 h4 55. b6 Qxb6+ 0-1

[Event "POLFINAL MISTRZOSTW POLSKI JUNIOROW 2019 - C11"]
[Site "Ustron"]
[Date "1899-12-30"]
[Round "1.13"]
[White "Macura, Mateusz"]
[Black "Lapczynski, Jacek"]
[Result "1-0"]
[WhiteTitle "II"]
[BlackTitle "II"]
[WhiteElo "1249"]
[BlackElo "1124"]

1. e4 c5 2. Nc3 Nc6 3. g3 g6 4. Bg2 Bg7 5. d3 e6 6. f4 Nge7 7. Nf3 O-O 8. Be3 b6
9. O-O d5 10. Ne2 Bxb2 11. Rb1 Bg7 12. e5 Nf5 13. Bf2 Ba6 14. g4 Nfe7 15. h4 Kh8
16. Ng3 Bh6 17. g5 Bg7 18. h5 Kg8 19. Nh4 d4 20. Ne4 Nd5 21. h6 Bh8 22. Qd2 Qd7
23. Nd6 Nde7 24. Bf3 Nc8 25. Ne4 Rb8 26. Bg3 N6e7 27. Nf6+ Bxf6 28. exf6 Nf5 29.
Nxf5 exf5 30. Qg2 Nd6 31. Rbe1 Bb7 32. Re7 Qc8 33. Rfe1 Bxf3 34. Qxf3 Qa6 35.
Qd5 Rbd8 36. Qb3 Rde8 37. Rxe8 Rxe8 38. Qd5 Rxe1+ 39. Bxe1 Ne8 40. Qd7 1-0

[Event "POLFINAL MISTRZOSTW POLSKI JUNIOROW 2019 - C11"]
[Site "Ustron"]
[Date "1899-12-30"]
[Round "1.14"]
[White "Owierczuk, Szymon"]
[Black "Wandor, Adam"]
[Result "1-0"]
[WhiteTitle "II"]
[BlackTitle "II"]
[WhiteElo "1086"]
[BlackElo "1241"]

1. d4 d5 2. c4 e6 3. Nc3 Bb4 4. e3 Bxc3+ 5. bxc3 Nf6 6. Nf3 Nc6 7. Ba3 Ne4 8. Qc2
b6 9. Bd3 Nf6 10. O-O Ne7 11. cxd5 exd5 12. e4 dxe4 13. Bxe4 Nxe4 14. Qxe4 Be6
15. Bxe7 Kxe7 16. Ne5 Qd5 17. Qxd5 Bxd5 18. Rfe1 Rhe8 19. c4 Bb7 20. d5 Kf8 21.
h3 Rad8 22. Re3 f6 23. Ng4 Rxe3 24. Nxe3 c6 25. Rd1 cxd5 26. cxd5 Rd6 27. f4 g6
28. Kf2 h5 29. Kf3 f5 30. g4 Kf7 31. Kg3 fxg4 32. hxg4 hxg4 33. Kxg4 Kf6 34. Kf3
b5 35. Ke4 Bc8 36. Kd4 Ra6 37. Rd2 Ra4+ 38. Kc5 a6 39. d6 Bd7 40. Nd5+ Kf5 41.
Nb6 Rc4+ 42. Nxc4 bxc4 43. Kxc4 Kxf4 44. Kd4 g5 45. Rf2+ Kg3 46. Rf7 Bb5 47. d7
Bxd7 48. Rxd7 g4 49. Ra7 1-0

[Event "POLFINAL MISTRZOSTW POLSKI JUNIOROW 2019 - C11"]
[Site "Ustron"]
[Date "1899-12-30"]
[Round "1.15"]
[White "Niemczyk, Krzysztof"]
[Black "Nagly, Krzysztof"]
[Result "1-0"]
[WhiteTitle "II"]
[BlackTitle "III"]
[WhiteElo "1227"]
[BlackElo "1071"]

1. e4 e5 2. Nf3 Nc6 3. d4 exd4 4. Nxd4 Bc5 5. Be3 Qf6 6. c3 Nge7 7. Bc4 Ne5 8.
Be2 d5 9. f4 Nc4 10. Bxc4 dxc4 11. O-O Nc6 12. e5 Qd8 13. Kh1 O-O 14. Qd2 Bg4
15. Nxc6 Qxd2 16. Bxd2 bxc6 17. b4 cxb3 18. axb3 Rab8 19. b4 Bb6 20. c4 Be2 21.
Rc1 Bd4 22. Ra2 Bd3 23. c5 a6 24. Ra3 Bb5 25. Nc3 Rfd8 26. Nxb5 Bb2 27. Rc2 Bxa3
28. Nxa3 Rxb4 29. g3 Rd3 30. Bxb4 a5 31. Bc3 1-0

[Event "POLFINAL MISTRZOSTW POLSKI JUNIOROW 2019 - C11"]
[Site "Ustron"]
[Date "1899-12-30"]
[Round "1.16"]
[White "Katny, Tymoteusz"]
[Black "Dietrich, Pawel"]
[Result "1/2-1/2"]
[WhiteTitle "III"]
[BlackTitle "II"]
[WhiteElo "1027"]
[BlackElo "1214"]

1. e4 c5 2. Bc4 Nc6 3. Nc3 g6 4. Nf3 Bg7 5. O-O e6 6. Bb5 Nge7 7. Re1 O-O 8. e5
a6 9. Bxc6 Nxc6 10. d3 b5 11. Bg5 f6 12. exf6 Bxf6 13. Bxf6 Qxf6 14. Rb1 Nd4 15.
Re3 Bb7 16. Ne4 Bxe4 17. dxe4 Rf7 18. Qd2 Qf4 19. Nxd4 cxd4 20. Rd3 Qxd2 21. Rxd2
Rc8 22. Rc1 e5 23. c3 dxc3 24. Rxc3 Rxc3 25. bxc3 Kf8 26. Rd6 a5 27. Rd5 b4 28.
cxb4 axb4 29. Rxe5 d6 30. Rb5 Rc7 31. f3 Rc2 32. Rxb4 Rxa2 33. Rb8+ Kg7 34. Rd8
Rd2 35. e5 d5 36. f4 h5 37. Rd7+ Kf8 38. f5 gxf5 39. Rh7 Re2 40. Rxh5 Rxe5 41.
g4 Ke7 42. Kf2 Kf6 43. Rxf5+ Rxf5+ 44. gxf5 Kxf5 45. Ke3 Ke5 46. h4 d4+ 47. Kd3
Kf5 48. Kxd4 1/2-1/2

[Event "POLFINAL MISTRZOSTW POLSKI JUNIOROW 2019 - C11"]
[Site "Ustron"]
[Date "1899-12-30"]
[Round "2.1"]
[White "Niemczyk, Krzysztof"]
[Black "Brozynski, Patryk"]
[Result "0-1"]
[WhiteTitle "II"]
[BlackTitle "IV"]
[WhiteElo "1227"]
[BlackElo "1665"]

1. e4 c5 2. Nf3 e6 3. d4 cxd4 4. Nxd4 Nc6 5. Nc3 Qc7 6. Be3 a6 7. g3 Nf6 8. Bg2
Bb4 9. O-O Ne5 10. Nce2 Nc4 11. Bg5 Nxb2 12. Qc1 Nc4 13. a3 Be7 14. f4 d6 15.
f5 e5 16. Nb3 h6 17. Bxf6 Bxf6 18. h4 Bd7 19. Nd2 Qc5+ 20. Kh2 Ne3 21. Rf3 Ng4+
22. Kh1 Nf2+ 23. Kh2 Bg5 24. Nb3 Qa7 25. hxg5 hxg5+ 26. Bh3 g4 27. Re3 Nd1 28.
Qxd1 Qxe3 29. Ng1 Qf2+ 30. Kh1 Bc6 31. Qxg4 Qxc2 32. Re1 Qxb3 33. Qxg7 O-O-O 34.
Qg4 Rdg8 35. Qf3 Rxh3+ 36. Nxh3 Qxf3+ 37. Kh2 Qxg3+ 38. Kh1 Qxh3# 0-1

[Event "POLFINAL MISTRZOSTW POLSKI JUNIOROW 2019 - C11"]
[Site "Ustron"]
[Date "1899-12-30"]
[Round "2.2"]
[White "Duda, Szymon"]
[Black "Wolak, Maciej"]
[Result "1-0"]
[WhiteTitle "II+"]
[BlackTitle "II"]
[WhiteElo "1469"]
[BlackElo "1213"]

1. d4 d5 2. c4 c6 3. Nc3 Nf6 4. Bf4 Bf5 5. e3 e6 6. Bd3 Bg6 7. Bxg6 fxg6 8. c5
Be7 9. Nf3 O-O 10. O-O Nbd7 11. Ng5 Qa5 12. Nxe6 Rfc8 13. a3 Qa6 14. Nc7 Rxc7
15. Bxc7 b6 16. b4 Qb7 17. Bg3 b5 18. a4 bxa4 19. Qxa4 Ne4 20. Nxe4 dxe4 21. Rfd1
Nf6 22. Qa6 Qd7 23. Qc4+ Kh8 24. Rdb1 Nd5 25. b5 h5 26. b6 1-0

[Event "POLFINAL MISTRZOSTW POLSKI JUNIOROW 2019 - C11"]
[Site "Ustron"]
[Date "1899-12-30"]
[Round "2.3"]
[White "Cichon, Aleksander"]
[Black "Jozwik, Michal"]
[Result "1/2-1/2"]
[WhiteTitle "II"]
[BlackTitle "II"]
[WhiteElo "1207"]
[BlackElo "1404"]

1. e4 c5 2. Nf3 g6 3. d4 cxd4 4. Nxd4 Nc6 5. c4 Nf6 6. Nc3 d6 7. f3 Nxd4 8. Qxd4
Bg7 9. Be3 O-O 10. Qd2 Be6 11. Be2 a5 12. b3 a4 13. O-O axb3 14. axb3 Qc7 15.
Bd4 Rfc8 16. Rfb1 Nd7 17. Rc1 Bxd4+ 18. Qxd4 Qc5 19. Qxc5 Nxc5 20. b4 Nb3 21.
Rxa8 Rxa8 22. Rd1 Rc8 23. Nd5 Bxd5 24. exd5 Ra8 25. Kf2 Kg7 26. Ke3 Kf6 27. Rb1
Ra3 28. Bd3 h6 29. g3 g5 30. f4 g4 31. Rd1 Ra2 32. Rb1 Nd2 33. Rd1 Nf3 34. Be2
Rb2 35. Bxf3 gxf3 36. Kxf3 Rxb4 37. Rc1 1/2-1/2

[Event "POLFINAL MISTRZOSTW POLSKI JUNIOROW 2019 - C11"]
[Site "Ustron"]
[Date "1899-12-30"]
[Round "2.4"]
[White "Nocek, Dominik"]
[Black "Gradzki, Artur"]
[Result "1-0"]
[WhiteTitle "II"]
[BlackTitle "II"]
[WhiteElo "1317"]
[BlackElo "1189"]

1. e4 e5 2. Nf3 Nc6 3. Bb5 a6 4. Ba4 Nf6 5. d3 b5 6. Bb3 Bb7 7. Ng5 d5 8. exd5
Nd4 9. c4 b4 10. O-O Bc5 11. Re1 Qd6 12. Ba4+ c6 13. Ne4 Nxe4 14. dxe4 O-O 15.
Be3 a5 16. Nd2 cxd5 17. cxd5 Ba6 18. Nf3 Nxf3+ 19. Qxf3 Rac8 20. Bxc5 Rxc5 21.
Rac1 Rfc8 22. Qe3 Qc7 23. Rxc5 Qxc5 24. Qxc5 Rxc5 25. d6 Rc8 26. d7 Rd8 27. Rc1
Kf8 28. Rc5 f6 29. Rxa5 Bb7 30. f3 Ke7 31. Rc5 Kd6 32. Rc4 g6 33. Rxb4 Ba8 34.
Rb6+ Ke7 35. Rb4 Kd6 36. Rc4 Bb7 37. b4 Ke7 38. Rc7 Ba6 39. b5 Rxd7 40. Rxd7+
Kxd7 41. bxa6+ Kc7 42. Bb5 Kb6 43. Kf2 1-0

[Event "POLFINAL MISTRZOSTW POLSKI JUNIOROW 2019 - C11"]
[Site "Ustron"]
[Date "1899-12-30"]
[Round "2.5"]
[White "Kowalski, Witold"]
[Black "Stachowiak, Bruno"]
[Result "1-0"]
[WhiteTitle "II"]
[BlackTitle "II"]
[WhiteElo "1187"]
[BlackElo "1295"]

1. e4 e5 2. Nf3 Nc6 3. Bc4 Nf6 4. d3 Bc5 5. c3 d6 6. h3 a6 7. Nbd2 Be6 8. Bb3 O-O
9. O-O h6 10. Re1 b5 11. Nf1 Ba7 12. Ng3 Re8 13. d4 exd4 14. cxd4 Bxb3 15. axb3
Bb6 16. Bf4 Qd7 17. Qd3 Nb4 18. Qc3 a5 19. d5 Rac8 20. Bxh6 gxh6 21. Qxf6 Qe7
22. Qxh6 Qf8 23. Qxf8+ Kxf8 24. Rad1 c6 25. Nf5 Red8 26. dxc6 Rxc6 27. Re2 Bc5
28. g4 d5 29. exd5 Rxd5 30. Rxd5 Nxd5 31. Rd2 Nc7 32. Ne5 Re6 33. Nd7+ 1-0

[Event "POLFINAL MISTRZOSTW POLSKI JUNIOROW 2019 - C11"]
[Site "Ustron"]
[Date "1899-12-30"]
[Round "2.6"]
[White "Olszewski, Antoni"]
[Black "Banaczyk, Piotr"]
[Result "1/2-1/2"]
[WhiteTitle "II"]
[BlackTitle "II"]
[WhiteElo "1292"]
[BlackElo "1183"]

1. e4 e6 2. d4 d5 3. Nd2 dxe4 4. Nxe4 Nd7 5. Nf3 Ngf6 6. Nxf6+ Nxf6 7. Bg5 Be7
8. Bd3 O-O 9. Qe2 c5 10. dxc5 Qa5+ 11. c3 Qxc5 12. O-O-O a5 13. Ne5 a4 14. a3
Qa5 15. Kb1 Qc5 16. g4 Nd5 17. Bxe7 Qxe7 18. Be4 Rd8 19. Qf3 Bd7 20. Nxd7 Rxd7
21. Bxd5 Rxd5 22. Rxd5 exd5 23. Qxd5 Rd8 24. Qf3 h6 25. Rd1 Rxd1+ 26. Qxd1 Qe4+
27. Ka1 b5 28. Qd7 Qc4 29. Qd4 Qb3 30. Qd7 Qc4 31. Qd4 Qb3 1/2-1/2

[Event "POLFINAL MISTRZOSTW POLSKI JUNIOROW 2019 - C11"]
[Site "Ustron"]
[Date "1899-12-30"]
[Round "2.7"]
[White "Stanik, Szymon"]
[Black "Przybylski, Jan"]
[Result "0-1"]
[WhiteTitle "II"]
[BlackTitle "II"]
[WhiteElo "1187"]
[BlackElo "1286"]

1. d4 d5 2. c4 e6 3. Nc3 Nf6 4. cxd5 exd5 5. Bg5 Be7 6. e3 h6 7. Bf4 c6 8. Bd3
Nbd7 9. Nge2 a6 10. Qc2 O-O 11. O-O b6 12. f3 c5 13. b3 Bb7 14. e4 cxd4 15. Nxd4
Rc8 16. e5 Bc5 17. Qf2 Nh5 18. Be3 Nxe5 19. Bf5 Rc7 20. Rac1 Re8 21. g4 Nf6 22.
Bf4 Nxf3+ 23. Qxf3 Bxd4+ 24. Kg2 Rxc3 25. Rxc3 Bxc3 26. Kh3 Be5 27. Bxe5 Rxe5
28. Qg3 Qe7 29. Rf3 d4 30. Kg2 Bxf3+ 31. Qxf3 Re2+ 32. Kg1 Qe3+ 33. Qxe3 dxe3
34. Kf1 Rxa2 35. h3 e2+ 36. Ke1 Nd5 37. Kf2 Nc3 38. Bd3 Kf8 39. h4 g5 40. hxg5
hxg5 41. Bf5 Ra1 42. Kg2 e1=Q 43. Kh2 Qf2+ 44. Kh3 Rh1# 0-1

[Event "POLFINAL MISTRZOSTW POLSKI JUNIOROW 2019 - C11"]
[Site "Ustron"]
[Date "1899-12-30"]
[Round "2.8"]
[White "Skowron, Dawid"]
[Black "Glaz, Michal"]
[Result "0-1"]
[WhiteTitle "II"]
[BlackTitle "II"]
[WhiteElo "1278"]
[BlackElo "1177"]

1. e4 c5 2. Nf3 e6 3. d4 cxd4 4. Nxd4 Nf6 5. Nc3 a6 6. a3 Qc7 7. g3 d6 8. Bg2 Bd7
9. O-O Nc6 10. Re1 Be7 11. Be3 O-O 12. f4 Rfd8 13. Bf2 Bf8 14. Nf3 b5 15. e5 dxe5
16. Nxe5 Rac8 17. Qe2 Be8 18. Rad1 Rxd1 19. Rxd1 Nxe5 20. Qxe5 Qxe5 21. fxe5 Ng4
22. Bd4 Rd8 23. Bf3 Nh6 24. g4 a5 25. Bb6 Rxd1+ 26. Nxd1 a4 27. Kf2 Be7 28. Be3
Bd7 29. c3 Kf8 30. Be2 Bh4+ 31. Kg2 Be7 32. h3 Bc6+ 33. Bf3 Bd7 34. Nf2 Ng8 35.
Ne4 h6 36. Bc5 Bxc5 37. Nxc5 Ke8 38. Be2 Bc6+ 39. Kg3 Ne7 40. Bd3 Nc8 41. Be4
Bxe4 42. Nxe4 Kd7 43. h4 Kc6 44. Kf3 Kd5 45. Ke3 Kxe5 46. Nd2 Nb6 47. Kd3 Kd5
48. g5 hxg5 49. hxg5 Nc4 50. Nxc4 bxc4+ 51. Ke3 f6 52. g6 f5 53. Kf4 Kd6 54. Ke3
e5 55. Kf3 e4+ 56. Kf4 Ke6 57. Ke3 Ke5 58. Kd2 f4 59. Ke2 e3 60. Kf3 Kf5 61. Ke2
Ke4 62. Ke1 f3 63. Kf1 e2+ 64. Kf2 Kf4 65. b4 cxb3 66. c4 b2 67. c5 b1=Q 68. c6
Qf1# 0-1